000 00566nam a2200241 a 4500
003 AR-BaBNM
005 20251128202801.0
008 082120s2002 ||||||||||||||000 | spa||
040 _cAR-BaBNM
100 1 _aLamarque, Nydia
245 0 0 _aEcheverría el poeta
260 _aBuenos Aires
_b[s.n.]
_c1951
300 _a196 p.
650 4 _aROMANTICISMO
650 4 _aLITERATURA ARGENTINA
650 4 _aCRITICA LITERARIA
650 4 _aESCRITORES
650 4 _aBIOGRAFIAS
650 4 _aCRISTIANISMO
655 _aLITERATURA
942 _cBK
998 _cMARTIN
999 _c555
_d555